Goodison review (Record no. 103610)

MARC details
000 -LEADER
fixed length control field 01050cam a2200229 4500
008 - FIXED-LENGTH DATA ELEMENTS--GENERAL INFORMATION
fixed length control field 040602n2004 000 0 eng u
020 ## - INTERNATIONAL STANDARD BOOK NUMBER
International Standard Book Number 0947819835
035 ## - SYSTEM CONTROL NUMBER
System control number (Sirsi) u126358
041 ## - LANGUAGE CODE
Language code of text/sound track or separate title eng
050 ## - LIBRARY OF CONGRESS CALL NUMBER
Classification number 745.1
-- 18
100 ## - MAIN ENTRY--PERSONAL NAME
Personal name Goodison, Nicholas
245 ## - TITLE STATEMENT
Title Goodison review
Remainder of title securing the best for our museums - private giving and government support
260 ## - PUBLICATION, DISTRIBUTION, ETC.
Place of publication, distribution, etc. London
Name of publisher, distributor, etc. HM Treasury
Date of publication, distribution, etc. 2004
520 ## - SUMMARY, ETC.
Summary, etc. This report sets out guidelines to help museums and galleries acquire important works of art that might otherwise be sold abroad. Recommendations cover public collections and funding; private owners and donors; accessibility; the export review system; and publicity. View at www.hm-treasury.gov.uk.
650 ## - SUBJECT ADDED ENTRY--TOPICAL TERM
Topical term or geographic name entry element GOODISON REVIEW
650 ## - SUBJECT ADDED ENTRY--TOPICAL TERM
Topical term or geographic name entry element MUSEUMS
650 ## - SUBJECT ADDED ENTRY--TOPICAL TERM
Topical term or geographic name entry element WORKS OF ART
650 ## - SUBJECT ADDED ENTRY--TOPICAL TERM
Topical term or geographic name entry element GALLERIES
690 ## - LOCAL SUBJECT ADDED ENTRY--TOPICAL TERM (OCLC, RLIN)
Topical term or geographic name as entry element Arts and antiques
9 (RLIN) 6217
856 ## - ELECTRONIC LOCATION AND ACCESS
Uniform Resource Identifier <a href="https://www.hm-treasury.gov.uk/consultations_and_legislation/goodison_review/consult_goodison_index.cfm">https://www.hm-treasury.gov.uk/consultations_and_legislation/goodison_review/consult_goodison_index.cfm</a>
Public note View the report on the HM Treasury website...
942 ## - ADDED ENTRY ELEMENTS (KOHA)
Suppress in OPAC 0
Holdings
Withdrawn status Lost status Source of classification or shelving scheme Damaged status Not for loan Home library Current library Shelving location Date acquired Total Checkouts Full call number Barcode Date last seen Copy number Price effective from Koha item type
    Dewey Decimal Classification     Virtual Virtual Online 02/06/2004   ONLINE PUBLICATION 126358-2001 06/08/2019 1 06/08/2019 Book